Kozmetika pre každého /

Hlavní autor: Ilavská, Edita
Další autoři: Kaprinayová, Edita, Hornická, Božena
Jazyk: Slovenština
Vydáno: Bratislava : Alfa, 1977
Vydání: 2. dopl. vyd.
Edice: Edícia literatúry pre spotrebný priemysel (Alfa)
Fyzický popis: 253 s.
Knihy
Uloženo v:
LEADER 00880nam a22002532a 4500
001 000218517
003 CZ BrMZK
005 20110921101234.0
007 ta
008 950101s1977 xo f slo d
040 |a BOA001  |b cze 
100 1 |a Ilavská, Edita  |7 xx0034955  |4 aut 
245 1 0 |a Kozmetika pre každého /  |c Edita Ilavská, Edita Kaprinayová, Božena Hornická 
250 |a 2. dopl. vyd. 
260 |a Bratislava :  |b Alfa,  |c 1977 
300 |a 253 s. 
490 1 |a Edícia literatúry pre spotrebný priemysel 
504 |a Obsahuje bibliografii 
700 1 |a Kaprinayová, Edita  |7 mzk2011660747  |4 aut 
700 1 |a Hornická, Božena  |7 mzk2011660755  |4 aut 
830 0 |a Edícia literatúry pre spotrebný priemysel (Alfa) 
910 |a BOA001  |b 1-0675.257-77 
990 |a BK 
996 7 |b 2619517581  |c 1-0675.257-77  |l MZK  |r Sklad / do 1 hodiny  |n 0  |w 000218517  |u 000010  |a 1  |e BOA001  |j MZK50  |s A